Responses for Show #4556 - Monday, May 31, 2004

Anne Boyd game 5.

Contestants

[<< previous game]

Jerry Harvey, a freelance educator originally from California, Missouri

Patti Gregg, a college administrator from Decatur, Georgia

Anne Boyd, a freelance writer from Los Angeles, California (whose 4-day cash winnings total $84,600)

[next game >>]

Jeopardy! Round responses

OFFICIAL COUNTRY DESIGNATIONS
BIG DAYS ON THE COURT
HOBBIES
ROMAN AROUND
POLITICAL GOBBLEDYGOOK
"W"ORDS
    $200 7
Andorra

Patti
    $200 10
[Jerry announces his response to the audience very enthusiastically.]
(Alex: Uh-oh. Are you an alumnus of [*]? Or a supporter?)
(Jerry: I run the stadium steps at [*].)

UCLA

Jerry
    $200 9
Barbie

Jerry
    $200 1
an elephant

Anne
    $200 4
the middle of the road

Anne
    $200 11
washboards

Anne
    $400 8
Greece

Anne
    $400 17
3-point shots

Jerry
    $400 22
candles

Jerry
    $400 2
pirates

Triple Stumper
    $400 18
Bill (Clinton)

Anne
    $400 12
to whet

Anne
    $600 16
Brunei (or Oman)

Jerry
    $600 25
the Philadelphia 76ers

Jerry
    $600 3
(Alex: St. Patrick, yes.)

Ireland

Patti
    $600 19
weapons of mass destruction

Patti
    $600 13
a whirlpool

Patti
    $800 23
(Anne: What is Iraq?)

Afghanistan

Anne
Triple Stumper
    $800 26
a triple-double

Triple Stumper
    $800 5
the Nile

Anne
    $800 20
sound bites

Patti
    $800 14
a waterway

Anne
    $1000 24
Switzerland

Jerry
    $1000 27
[The end-of-round signal sounds.]

the New York Knicks

Triple Stumper
    $1000 6
Marc Antony

Jerry
    $2,700 21
(Patti: Puzzle Palace...)
(Alex: Patti?)
(Patti: I don't know. I'm sorry.)

the Pentagon

Patti
    $1000 15
a whimper

Jerry

Scores at the first commercial break (after clue 15):

Anne Patti Jerry
$3,000 $1,400 $2,400

Scores at the end of the Jeopardy! Round:

Anne Patti Jerry
$2,600 $100 $5,400

Double Jeopardy! Round responses

THE NATIONAL BOOK AWARDS
VEGAS ON FILM
FAMOUS NAMES
PRESIDENTIAL FACTS
GYMNASTICS
ON THE "MAT"
    $400 6
the Panama Canal

Patti
    $400 1
Fear and Loathing in Las Vegas

Patti
    $400 9
Mary

Jerry
    $400 10
Jefferson

Jerry
    $400 11
Nadia Comaneci

Jerry
    $400 12
a doormat

Anne
    $800 7
Emerson

Patti
    $800 2
Helen Hunt

Anne
    $800 15
circling the Earth

Jerry
    $800 16
jelly beans

Anne
    $800 20
an automat

Jerry
    $1200 8
Saul Bellow

Jerry
    $1200 3
Starman

Anne
    $1200 17
Champlain

Jerry
    $1200 21
Wilson

Anne
    $1200 22
a diplomat

Anne
    $1600 13
Beverly Cleary

Patti
    $1600 4
Sister Act

Anne
    $1600 18
(Elisha) Otis

Anne
    $200 25
(Anne: Who is Roosevelt?)
(Alex: Which one?)

Franklin Delano Roosevelt

Anne
    $1600 23
the HAZMAT team

Patti
    $2000 14
The Corrections

Anne
    $2000 5
(Alex: Yes. Good person to look for.)

Ann-Margret

Anne
    $2000 19
(Jerry: Who is Hubble?)

Clyde Tombaugh

Jerry
Triple Stumper
    $2000 26
the railroad station

Jerry
    $10,000 27
[The end-of-round signal sounds.]

the free exercise (or floor exercise)

Jerry
    $2000 24
hemato- (or hemat-)

Anne

Scores at the end of the Double Jeopardy! Round:

Anne Patti Jerry
$17,600 $4,900 $20,600

[wagering suggestions for these scores]

Final Jeopardy! Round responses

THE MIDWEST
PattiWhat are Ohio, Michigan +
$4,900
AnneWhat are Iowa, Illinois and Indiana?
$0
JerryWhat are Iowa Illinois Ind Go Knights!
$14,601
Iowa, Illinois & Indiana

Final scores:

Anne Patti Jerry
$17,600 $0 $35,201
2nd place: $2,000 3rd place: $1,000 New champion: $35,201

Game dynamics:

Coryat scores:

Anne Patti Jerry
$19,000 $7,600 $12,600
20 R
(including 1 DD),
1 W
10 R,
1 W
(including 1 DD)
18 R
(including 1 DD),
1 W

Combined Coryat: $39,200

[game clues] [game scores] [suggest correction]

Game tape date: 2004-02-24
The J! Archive is created by fans, for fans. Scraping, republication, monetization, and malicious use prohibited; this site may use cookies and collect identifying information. See terms. The Jeopardy! game show and all elements thereof, including but not limited to copyright and trademark thereto, are the property of Jeopardy Productions, Inc. and are protected under law. This website is not affiliated with, sponsored by, or operated by Jeopardy Productions, Inc. Join the discussion at JBoard.tv.